You wouldn't want to be a pirate's prisoner! / (Record no. 359980)
[ view plain ]
| 000 -LEADER | |
|---|---|
| fixed length control field | 00774nam a2200265Ia 4500 |
| 008 - FIXED-LENGTH DATA ELEMENTS--GENERAL INFORMATION | |
| fixed length control field | 181129s9999 xx 000 0 und d |
| 020 ## - INTERNATIONAL STANDARD BOOK NUMBER | |
| International Standard Book Number | 9780531280270 |
| 050 ## - LIBRARY OF CONGRESS CALL NUMBER | |
| Item number | M236 2013 |
| 100 ## - MAIN ENTRY--PERSONAL NAME | |
| Personal name | Malam, John |
| 245 #0 - TITLE STATEMENT | |
| Title | You wouldn't want to be a pirate's prisoner! / |
| 245 #0 - TITLE STATEMENT | |
| Statement of responsibility, etc | by John Malam ; illustrated by David Antram ; created and designed by David Salariya. |
| 250 ## - EDITION STATEMENT | |
| Edition statement | horrible things you'd rather not know / |
| 260 ## - PUBLICATION, DISTRIBUTION, ETC. (IMPRINT) | |
| Place of publication, distribution, etc | New York, NY : |
| 260 ## - PUBLICATION, DISTRIBUTION, ETC. (IMPRINT) | |
| Name of publisher, distributor, etc | Scholastic, |
| 260 ## - PUBLICATION, DISTRIBUTION, ETC. (IMPRINT) | |
| Date of publication, distribution, etc | 2013 |
| 300 ## - PHYSICAL DESCRIPTION | |
| Extent | 32 pages : |
| 300 ## - PHYSICAL DESCRIPTION | |
| Other physical details | color illustrations ; |
| 300 ## - PHYSICAL DESCRIPTION | |
| Dimensions | 24cm. |
| 500 ## - GENERAL NOTE | |
| General note | 770L |
| 650 ## - SUBJECT ADDED ENTRY--TOPICAL TERM | |
| Topical term or geographic name as entry element | Pirates -- Caribbean Area -- History. |
| 650 ## - SUBJECT ADDED ENTRY--TOPICAL TERM | |
| Topical term or geographic name as entry element | Spanish Main. |
| 700 ## - ADDED ENTRY--PERSONAL NAME | |
| Personal name | Antram, David. |
| 700 ## - ADDED ENTRY--PERSONAL NAME | |
| Personal name | Salariya, David. |
| 700 ## - ADDED ENTRY--PERSONAL NAME | |
| Personal name | Title. |
| Withdrawn status | Lost status | Damaged status | Home library | Current library | Shelving location | Date acquired | Total Checkouts | Full call number | Barcode | Date last seen | Price effective from | Koha item type |
|---|---|---|---|---|---|---|---|---|---|---|---|---|
| Stonyhurst Southville International School (Malarayat) | Stonyhurst Southville International School (Malarayat) | 11/29/2018 | LEX M236 2013 | SSISM5774 | 11/29/2018 | 11/29/2018 | Lexile |